000 01010nam a2200289 a 4500
005 20260322212047.0
008 data
010 _a 76021706
020 _a0306308975 :
_c{dollar}19.50
020 _a9780306308970 :
_c{dollar}19.50
050 0 _aRC439
_b.S78
060 _aWM27 AA1 S78
096 _aWM 27 Ah52s 1976
245 0 0 _aState mental hospitals :
_bwhat happens when they close.
_cedited by Paul I. Ahmed & Stanley C. Plog.
260 _aNew York :
_bPlenum Medical Book Co.,
_cc1976.
300 _axiv, 219 p. ;
_c24 cm.
490 0 _aCurrent topics in mental health
504 _aIncludes bibliographical references and index.
590 _aIncludes bibliographical references and index.
650 0 _aPsychiatric hospitals.
650 0 _aCommunity mental health services.
650 2 _aHospitals, Psychiatric
_xsupply & distribution
_zUnited States.
650 2 _aCommunity Mental Health Services
_zUnited States.
700 1 _aAhmed, Paul I.
700 1 _aPlog, Stanley C.
001 data
999 _c1112
_d1112